LEADER 00877cam1 22002291 450 001 SOBE00069598 005 20220210113303.0 100 $a20220210d1947 |||||ita|0103 ba 101 $aita 102 $aIT 200 1 $a<>consigli di gestione$eesperienze e documenti sulla partecipazione dei lavoratori alla vita delle aziende nell'ultimo trentennio$fConfederazione generale dell'industria italiana 210 $aRoma$c[F. Failli]$d 215 $av.$d25 cm 463 1$1001SOBE00069599$12000 $a1 / Confederazione generale dell'industria italiana 463 1$1001SOBE00069600$12000 $a2 / Confederazione generale dell'industria italiana 710 02$a*Confindustria$3SOBA00020824$4070$022508 801 0$aIT$bUNISOB$c20220210$gRICA 912 $aSOBE00069598 940 $aM 102 Monografia moderna SBN 941 $aM 996 $aConsigli di gestione$9640327 997 $aUNISOB